10 footballeurs ayant marqué le plus de buts en 2021 - Statistiques

Statistiques générales
  • Ce quiz a été pris 20 082 fois
  • Le résultat moyen est 6 sur 10
Statistiques - réponses
Nombre de buts Joueurs % Correct
43 Kylian Mbappé
98%
34 Lionel Messi
98%
34 Cristiano Ronaldo
97%
58 Robert Lewandowski
87%
43 Erling Haaland
85%
38 Karim Benzema
80%
37 Mohamed Salah
62%
29 Wissam Ben Yedder
12%
35 Dušan Vlahović
9%
31 Gerard Moreno
2%
Aucun quiz correspondant
Distribution des résultats
% des personnes avec chaque résultat
Percentile par nombre de réponses
Votre historique - résultats
Vous n’avez pas pris ce quiz